Ochota na voždej ot Lenina do Trockogo

Bibliographic Details
Main Author: Leskov, Valentin Aleksandrovič (Author)
Format: Book
Language:Russian
PhysicalDescription:327 s., [16] s. fotogr. príl. 21 cm
Published: Moskva Veče 2005
ISBN:5953305796
Series:Osobyj archiv
Subjects:

MARC

LEADER 00000nam a2200000 a 4500
001 vtls008641053
003 SK-MaSNL
005 20260302075036.0
008 240315s2005 ru o g 000 0crus
020 |a 5953305796  |q (viaz.) 
040 |a SNK  |b slo  |c SNK  |e AACR2 
041 0 |a rus 
043 |a e-ur--- 
044 |a ru  |c RU 
072 7 |a 930  |x Historická veda. Pomocné vedy historické. Archívnictvo  |2 konspekt 
080 |a 930.1  |2 2001 
080 |a 316.46/.47  |2 2001 
080 |a 316.46  |2 2001 
080 |a 32-051  |2 2001 
080 |a (470+571)  |2 2001 
080 |a (092)  |2 2001 
080 |a (048.8)  |2 2001 
100 1 |a Leskov, Valentin Aleksandrovič  |4 aut  |9 304251 
245 1 0 |a Ochota na voždej  |b ot Lenina do Trockogo  |c V. A. Leskov 
260 |a Moskva  |b Veče  |c 2005 
300 |a 327 s., [16] s. fotogr. príl.  |c 21 cm 
490 1 |a Osobyj archiv 
650 0 7 |a politický život  |2 SNKPH  |9 74723 
650 0 7 |a vodcovská osobnosť  |2 SNKPH  |9 93883 
651 7 |a Sovietsky zväz  |2 SNKPH  |9 22126 
655 7 |a biografie  |2 SNKPH  |9 27965 
655 7 |a monografie  |2 SNKPH  |9 70139 
830 0 |a Osobyj archiv  |9 311146 
919 |a 5-9533-0579-6 
999 |c 1167583  |d 1169513 
952 |a SNK  |b SNK  |y VYP  |7 0  |p 17A0506892  |o snkIC 133304  |i snk2006/9565  |8 2  |g 4.98  |0 0  |1 0  |4 0  |d 2006-03-31  |l 0  |r 2026-02-24 20:53:17  |w 2026-02-24